00884nam a2200253 a 450000100060000000300080000600500170001400800410003103500190007204000270009104100080011808200260012610000260015224500510017826000380022930000340026749000390030150400370034065000290037783000470040694200120045399900170046595201480048270368BD-RjUL20211209082006.0170417s1966 nyua b 001 0 eng d a(BD-RjUL)70582 aDLCcWSUdBD-RjULbeng aeng a541.223223bMII 19661 aMislow, Kurt 920836910aIntroduction to stereochemistry /cKurt Mislow aNew York :bW.A. Benjamin,c1966. axii, 193 p. :bill. ;c22 cm.1 aOrganic chemistry monograph series aIncludes bibliography and index. 0aStereochemistry.9208370 0aOrganic chemistry monograph series9208378 2ddccBK c70368d70368 00102ddc40718NFICaRUCLbRUCLcReadingd2021-12-09eScientific Book Progressl0o541.223 MII 1966r2017-04-17 00:00:00tC-1w2017-04-17yBK